00389nam a2200109Ia 4500008004100000082001300041100001900054245009300073942000600166952009400172999001300266240331s9999 xx 000 0 und d a291bFAI aLumpur , K. ed 0aFaith renewed :ba report on the frist Asian Women's consultation on Interfaith Dialogue cL 001040708LaWERCLbWERCLcSSCd2024-03-31l0o 291 FAIp674r2024-03-31w2024-03-31yL c846d846